| 000 | 00641ntaaa2200205 4500 | ||
|---|---|---|---|
| 003 | 01 | ||
| 005 | 20251027202310.0 | ||
| 008 | 0714s1973 ag 01 | ||
| 040 |
_aAR-BaBN _bspa _cAR-BaBN _eaacr _dRIC |
||
| 082 | _a278.2000 D29 | ||
| 245 | _aThe evangelical church in the River Plate Republics (Argentina and Uruguay) | ||
| 250 | _a1 ed. | ||
| 260 |
_aNew York : _bInternational Missionar Council, _c1943 |
||
| 300 | _a116 p | ||
| 500 | _aEstudio de la base económica y social de la iglesia evangélica en Argentina y Uruguay | ||
| 650 |
_aArgentina _94582 |
||
| 650 |
_aUruguay _919695 |
||
| 700 |
_aDavis, J. Merle _921539 |
||
| 942 | _cBK | ||
| 999 |
_c17773 _d17773 |
||